000 00581nam a22002057a 4500
003 DO-SdBNP
005 20210909110405.0
007 ta
008 210909b 2011 dr 00| 0 eng d
020 _a9789945168037
040 _aDO-SdBNP
_bspa
_cBNPHU
100 1 _4Santos García, Eladio, De Los
245 1 _aSueño de polen /
_cEladio de los Santos García
260 _aSanto Domingo :
_bBúho,
_c2017.
300 _a57 p. ;
_c23 cm.
500 _aIncluye datos biográficos del autor en las solapas
590 _aInventariado, 2021/BT
910 _aBtavárez
942 _2ddc
_cLBS1
999 _c50451
_d50451